Стоимость: историко-методологическое исследование: учебное пособие для вузов

Bibliografski detalji
Glavni autor: Соснина Т. Н. Тамара Николаевна
Autor kompanije: Самарский государственный аэрокосмический университет им. академика С. П. Королева
Sažetak:Учебное пособие представляет собой историко-методологическое исследование интегральной природы стоимости, начиная с доклассического периода и завершая современными ее интерпретациями. Аргументируется вывод о целесообразности перехода к трехкритериальной теории стоимости, где используется методологический инструментарий теории трудовой стоимости и теории предельной полезности в контексте экологической составляющей. Акцентируется внимание на проблемах отечественного образования с учетом кризисного состояния мировой экономической науки и задач российской высшей школы. Предназначено для студентов, аспирантов, преподавателей, научных работников, всех, кто стремится приобрести знания в области экономической истории и методологии.
Jezik:ruski
Izdano: Самара, Изд-во СНЦ РАН, 2005
Teme:
Format: Knjiga
KOHA link:https://koha.lib.tpu.ru/cgi-bin/koha/opac-detail.pl?biblionumber=101829

MARC

LEADER 00000nam0a2200000 4500
001 101829
005 20231031112747.0
010 |a 5934241648 
035 |a (RuTPU)RU\TPU\book\109809 
090 |a 101829 
100 |a 20060918d2005 m y0rusy50 ca 
101 0 |a rus 
102 |a RU 
105 |a y j 001zy 
200 1 |a Стоимость: историко-методологическое исследование  |e учебное пособие для вузов  |f Т. Н. Соснина  |g Самарский государственный аэрокосмический университет им. академика С. П. Королева 
210 |a Самара  |c Изд-во СНЦ РАН  |d 2005 
215 |a 396 с. 
320 |a Библиография в конце глав. 
320 |a Именной указатель: с. 383-391. 
330 |a Учебное пособие представляет собой историко-методологическое исследование интегральной природы стоимости, начиная с доклассического периода и завершая современными ее интерпретациями. Аргументируется вывод о целесообразности перехода к трехкритериальной теории стоимости, где используется методологический инструментарий теории трудовой стоимости и теории предельной полезности в контексте экологической составляющей. Акцентируется внимание на проблемах отечественного образования с учетом кризисного состояния мировой экономической науки и задач российской высшей школы. Предназначено для студентов, аспирантов, преподавателей, научных работников, всех, кто стремится приобрести знания в области экономической истории и методологии. 
610 1 |a экономика 
610 1 |a экономическая мысль 
610 1 |a экономическая история 
610 1 |a экономическая теория 
610 1 |a методология 
610 1 |a стоимость 
610 1 |a предельная полезность 
610 1 |a потребительская стоимость 
610 1 |a Древний мир 
610 1 |a средние века 
610 1 |a прибавочная стоимость 
610 1 |a Россия 
610 1 |a цена 
610 1 |a стоимость-ценность 
610 1 |a западные школы 
610 1 |a современные теории 
610 1 |a учебные пособия 
686 |a У02(0)я73  |v LBC/SL-A  |2 rubbk 
686 |a У011.312я73  |v LBC/SL-A  |2 rubbk 
700 1 |a Соснина  |b Т. Н.  |g Тамара Николаевна 
712 0 2 |a Самарский государственный аэрокосмический университет им. академика С. П. Королева  |2 stltpush  |3 (RuTPU)RU\TPU\col\5808 
801 1 |a RU  |b 63413507  |c 20060918  |g PSBO 
801 2 |a RU  |b 63413507  |c 20140402  |g PSBO 
942 |c BK